Design- Based Planning For Communities (Record no. 26453)

MARC details
000 -LEADER
fixed length control field 00398nam a22001697a 4500
003 - CONTROL NUMBER IDENTIFIER
control field OSt
005 - DATE AND TIME OF LATEST TRANSACTION
control field 20220111100225.0
008 - FIXED-LENGTH DATA ELEMENTS--GENERAL INFORMATION
fixed length control field 220111b |||||||| |||| 00| 0 eng d
020 ## - INTERNATIONAL STANDARD BOOK NUMBER
International Standard Book Number 0750659343
040 ## - CATALOGING SOURCE
Transcribing agency HU
082 ## - DEWEY DECIMAL CLASSIFICATION NUMBER
Classification number 307.1216
100 ## - MAIN ENTRY--PERSONAL NAME
Personal name Walters David
9 (RLIN) 27538
245 ## - TITLE STATEMENT
Title Design- Based Planning For Communities
260 ## - PUBLICATION, DISTRIBUTION, ETC.
Place of publication, distribution, etc. Tokyo
Name of publisher, distributor, etc. NewYork
300 ## - PHYSICAL DESCRIPTION
Type of unit 277
942 ## - ADDED ENTRY ELEMENTS (KOHA)
Source of classification or shelving scheme Dewey Decimal Classification
Koha item type Books like text book referance book
Suppress in OPAC No
Holdings
Withdrawn status Lost status Source of classification or shelving scheme Damaged status Not for loan Home library Current library Shelving location Date acquired Total Checkouts Full call number Barcode Date last seen Copy number Price effective from Koha item type
    Dewey Decimal Classification     IoT Library IoT Library General Stacks 01/11/2022   307.1216/WAL/2004 IOTL0003743 01/11/2022 1 01/11/2022 Books like text book referance book
    Dewey Decimal Classification     IoT Library IoT Library General Stacks 01/11/2022   307.1216/WAL/2004 IOTL0003744 01/11/2022 2 01/11/2022 Books like text book referance book
    Dewey Decimal Classification     IoT Library IoT Library General Stacks 01/11/2022   307.1216/WAL/2004 IOTL0003745 01/11/2022 3 01/11/2022 Books like text book referance book
    Dewey Decimal Classification     IoT Library IoT Library General Stacks 01/11/2022   307.1216/WAL/2004 IOTL0003746 01/11/2022 4 01/11/2022 Books like text book referance book
    Dewey Decimal Classification     IoT Library IoT Library General Stacks 01/11/2022   307.1216/WAL/2004 IOTL0003747 01/11/2022 5 01/11/2022 Books like text book referance book